De los indigenismos en el Perú examen de argumentos

Uloženo v:
Podrobná bibliografie
Hlavní autor: Rowe, William
Médium: Neznámo
Vydáno: Pennsylvania, Estados Unidos Instituto Internacional de Literatura Iberoamericana
Témata:
Tagy: Přidat tag
Žádné tagy, Buďte první, kdo vytvoří štítek k tomuto záznamu!

MARC

LEADER 000000000a22000000004500
001 001969
041 0 |a español 
100 1 |a Rowe, William 
245 1 0 |a De los indigenismos en el Perú   |b examen de argumentos 
260 |a Pennsylvania, Estados Unidos   |b Instituto Internacional de Literatura Iberoamericana 
310 |a trimestral 
650 4 |a IDIGENISMO PERUANO 
773 0 |t Revista Iberoamericana 
773 0 |g LXV 
773 0 |g 186 
773 0 |g 1999 
773 0 |g 191-197 
999 |c 3103  |d 3103